=LDR 00000nam 2200000 4500 =001 NUTBA000000000001776 =005 20140517120450.0 =006 =007 =008 =020 ##$$a 978-979-29-2676-7 =035 ##$$a 0010-051400000000241 =082 ##$$a 650.1 =090 ##$$a 650.1 Ded m =100 ##$$a Dedi Tri Putra =245 ##$$a Most Wanted Entrepreneur. 1001 Rahasia Pengusaha Paling Dicari, Dedi Tri Putra =260 ##$$a Yogyakarta $b Andi $c 2011 =300 ##$$a XIV, 180 hlm $b ilus $c 22 cm =850 ##$$a NBPNMAT =990 ##$$a 21400337/BPAP-NTB/2014 =990 ##$$a 21400613/BPAP-NTB/20142014 =990 ##$$a 0001/BPAP-NTB/20142014